|
|
|
|
| LEADER |
00000nam a22000005a 4500 |
| 001 |
vtls010286698 |
| 003 |
SK-MaSNL |
| 005 |
20260301131948.0 |
| 008 |
240315s2011 xo da g 000 0 slo |
| 015 |
|
|
|a SNBA2011/09-04815
|
| 020 |
|
|
|a 9788081091568
|q (brož.)
|
| 035 |
|
|
|a 5FC281AD-F33F-4B95-9F7C-045B914D9DF5
|
| 035 |
|
|
|a urn:nbn:sk:snk-amji4x
|
| 035 |
|
|
|a urn:nbn:sk:snk-am001yn8
|
| 040 |
|
|
|a SNK
|b slo
|c SNK
|e AACR2
|
| 041 |
1 |
|
|a slo
|h eng
|
| 044 |
|
|
|a xo
|c SK
|
| 072 |
|
7 |
|a 339
|x Obchod
|2 konspekt
|
| 080 |
|
|
|a 339.187.42
|2 2001
|
| 080 |
|
|
|a (0.062)
|2 2001
|
| 100 |
1 |
|
|a Ludbrook, Edward
|4 aut
|9 482001
|
| 240 |
1 |
0 |
|a 100 % confidence
|l Slovensky
|
| 245 |
0 |
0 |
|a 100% istota
|b prečo sieťový marketing zažíva vzostup a čo to znamená pre vás
|c Ed Ludbrook ; [z anglického originálu preložila Edina Horváthová ; kresby: Mick Davis]
|
| 246 |
3 |
|
|a Stopercentná istota
|
| 246 |
3 |
|
|a Wholly confidence
|
| 250 |
|
|
|a 1. vyd.
|
| 260 |
|
|
|a Bratislava
|b Eastone Books
|c 2011
|
| 300 |
|
|
|a XVI, 125 s.
|b grafy, ilustr.
|c 21 cm
|
| 490 |
1 |
|
|a Open mind
|
| 650 |
0 |
7 |
|a sieťový marketing
|2 SNKPH
|9 75850
|
| 650 |
0 |
7 |
|a Multilevel marketing
|2 SNKPHeng
|9 418302
|
| 655 |
|
7 |
|a populárno-náučné publikácie
|2 SNKPH
|9 70460
|
| 655 |
|
7 |
|a Popular works
|2 SNKPHeng
|9 90287
|
| 700 |
1 |
|
|a Horváthová, Edina
|4 trl
|9 482002
|
| 700 |
1 |
|
|a Davis, Mick
|4 ill
|9 482003
|
| 830 |
|
0 |
|a Open mind
|9 313701
|
| 919 |
|
|
|a 978-80-8109-156-8
|
| 958 |
|
|
|a OP
|
| 968 |
|
|
|b ENG
|d 33
|
| 999 |
|
|
|c 749652
|d 751582
|
| 952 |
|
|
|a SNK
|b SNK
|y PREZ
|7 0
|p 17A0704550
|o snkSC 145856
|i snk2011/13949
|8 0
|0 0
|1 0
|4 0
|d 2011-06-17
|l 0
|r 2025-07-15 00:00:00
|w 2026-02-23
|
| 952 |
|
|
|a SNK
|b SNK
|y VYP
|7 0
|p 17A0704549
|o snkSC 145856 D1
|i snk2011/13950
|8 0
|0 0
|1 0
|4 0
|d 2011-06-17
|f 1
|l 0
|r 2026-02-23 23:28:01
|w 2026-02-23
|